[Event "Transcontinental 5 A"]
[Site "Montreal CAN"]
[Date "2011.11.26"]
[Round "3"]
[White "Morin, Louis"]
[Black "Lopez Linares, Lizandro"]
[Result "0-1"]
[WhiteElo "1846"]
[BlackElo "2086"]
[PlyCount "114"]
[GameId "2160767909573462"]
[EventDate "2011.11.25"]
[EventType "tourn"]
[EventRounds "5"]
[EventCountry "CAN"]
[SourceTitle "EXT 2022"]
[Source "ChessBase"]
[SourceDate "2021.10.06"]
[SourceVersion "1"]
[SourceVersionDate "2021.10.06"]
[SourceQuality "1"]

1. e4 c6 2. d4 d5 3. exd5 cxd5 4. Bd3 Qc7 5. Ne2 Nc6 6. Bf4 Qa5+ 7. Nbc3 Nf6 8. O-O a6 9. Qd2 Bg4 10. Rfe1 e6 11. h3 Bh5 12. a3 Bg6 13. Rad1 Be7 14. Bh2 O-O 15. Nf4 Rfd8 16. Nxg6 hxg6 17. Ne2 Qxd2 18. Rxd2 b5 19. c3 Ra7 20. Nc1 Na5 21. f3 Rc8 22. Rde2 Nc4 23. Bxc4 bxc4 24. Rc2 Rb7 25. Na2 a5 26. Rce2 Nd7 27. Bf4 Nb6 28. Kf1 Na4 29. Kf2 Rc6 30. g3 Rcb6 31. Bc1 f6 32. Kg2 Kf7 33. Kf2 g5 34. Kg2 Bd6 35. Kf2 Rb5 36. Kg2 Nb6 37. Be3 Nd7 38. Nc1 Nb8 39. f4 gxf4 40. gxf4 Nc6 41. Rf2 Ne7 42. Na2 Nf5 43. Bc1 Rb8 44. Ree2 Rb3 45. Rf1 Nh4+ 46. Kg3 g5 47. Kf2 gxf4 48. Ke1 f3 49. Rc2 Bg3+ 50. Kd1 e5 51. dxe5 fxe5 52. Bg5 e4 53. Bxh4 Bxh4 54. Nb4 axb4 55. axb4 d4 56. Rd2 d3 57. Rh2 Ra8 0-1

[Event "Transcontinental 5 A"]
[Site "Montreal CAN"]
[Date "2011.11.27"]
[Round "4"]
[White "Cardin, Guillaume"]
[Black "Morin, Louis"]
[Result "1/2-1/2"]
[WhiteElo "2007"]
[BlackElo "1846"]
[PlyCount "51"]
[GameId "2160767909573463"]
[EventDate "2011.11.25"]
[EventType "tourn"]
[EventRounds "5"]
[EventCountry "CAN"]
[SourceTitle "EXT 2022"]
[Source "ChessBase"]
[SourceDate "2021.10.06"]
[SourceVersion "1"]
[SourceVersionDate "2021.10.06"]
[SourceQuality "1"]

1. d4 e5 2. dxe5 Nc6 3. Nf3 Qe7 4. Qd5 f6 5. exf6 Nxf6 6. Qb3 d5 7. Bg5 Bd7 8. e3 O-O-O 9. c3 h6 10. Bxf6 Qxf6 11. Bd3 g5 12. Qc2 Re8 13. O-O Bd6 14. Nbd2 g4 15. Nd4 Ne5 16. Bf5 Nf3+ 17. N2xf3 gxf3 18. Bxd7+ Kxd7 19. Nxf3 Rhg8 20. Nd4 Bxh2+ 21. Kh1 Re5 22. Qh7+ Rg7 23. Qxg7+ Qxg7 24. Kxh2 Rh5+ 25. Kg1 Rg5 26. g3 1/2-1/2

[Event "Transcontinental 5 A"]
[Site "Montreal CAN"]
[Date "2011.11.27"]
[Round "4"]
[White "Lopez Linares, Lizandro"]
[Black "Lalumiere, Claude"]
[Result "1-0"]
[WhiteElo "2086"]
[BlackElo "1870"]
[PlyCount "150"]
[GameId "2160767909573464"]
[EventDate "2011.11.25"]
[EventType "tourn"]
[EventRounds "5"]
[EventCountry "CAN"]
[SourceTitle "EXT 2022"]
[Source "ChessBase"]
[SourceDate "2021.10.06"]
[SourceVersion "1"]
[SourceVersionDate "2021.10.06"]
[SourceQuality "1"]

1. d4 f5 2. g3 e6 3. Bg2 Nf6 4. Nf3 d6 5. c4 Be7 6. Nc3 c6 7. O-O Nbd7 8. Re1 O-O 9. e4 fxe4 10. Nxe4 Nxe4 11. Rxe4 Nf6 12. Re1 Ne8 13. Qe2 Bd7 14. Bh3 Nc7 15. b3 b6 16. Ba3 Qe8 17. Rad1 Qh5 18. Bg2 Rae8 19. Nd2 Qa5 20. Nb1 Qf5 21. Nc3 Rd8 22. Ne4 Be8 23. f3 Qa5 24. Qb2 Bh5 25. b4 Qa6 26. g4 Bg6 27. Qb3 Bh4 28. Ng3 Bf7 29. Bb2 e5 30. dxe5 Bxc4 31. Qc2 dxe5 32. Bxe5 Rxd1 33. Rxd1 Nd5 34. Nf5 Bg5 35. f4 Bxf4 36. Bxd5+ Bxd5 37. Bxf4 Qb7 38. Qc3 Qf7 39. Re1 Qf6 40. Ne7+ Kf7 41. Qxf6+ Kxf6 42. Nxd5+ cxd5 43. Kg2 Rc8 44. Re2 Rc4 45. g5+ Kf5 46. Bd2 Rc2 47. a4 d4 48. Kf1 Ra2 49. a5 b5 50. Be1 Ra3 51. Rd2 d3 52. Kf2 Ke4 53. h4 Rb3 54. Rd1 Rb2+ 55. Bd2 g6 56. Kg3 Rc2 57. Kf2 Rb2 58. Ke1 Kf3 59. Rc1 Rb3 60. Rc7 Rb1+ 61. Bc1 Rxb4 62. Rxh7 Ra4 63. h5 gxh5 64. Rxh5 Ra2 65. Rh3+ Ke4 66. Re3+ Kd4 67. Rg3 Re2+ 68. Kd1 Re8 69. g6 Rg8 70. Bb2+ Kc4 71. g7 b4 72. Kd2 Kb3 73. Bf6 Kc4 74. Rxd3 b3 75. Rd8 b2 1-0

[Event "Transcontinental 5 A"]
[Site "Montreal CAN"]
[Date "2011.11.27"]
[Round "5"]
[White "Lalumiere, Claude"]
[Black "Cardin, Guillaume"]
[Result "1-0"]
[WhiteElo "1870"]
[BlackElo "2007"]
[PlyCount "27"]
[GameId "2160767909573467"]
[EventDate "2011.11.25"]
[EventType "tourn"]
[EventRounds "5"]
[EventCountry "CAN"]
[SourceTitle "EXT 2022"]
[Source "ChessBase"]
[SourceDate "2021.10.06"]
[SourceVersion "1"]
[SourceVersionDate "2021.10.06"]
[SourceQuality "1"]

1. e4 d5 2. exd5 Qxd5 3. c4 Qd8 4. d4 Nf6 5. Nc3 g6 6. Be2 Bg7 7. Nf3 O-O 8. h3 c6 9. Be3 Nbd7 10. Qd2 Re8 11. Rd1 b6 12. g4 e5 13. dxe5 Nxe5 14. Qxd8 1-0

[Event "Transcontinental 5 A"]
[Site "Montreal CAN"]
[Date "2011.11.27"]
[Round "5"]
[White "Morin, Louis"]
[Black "MacIsaac, Alexandre"]
[Result "1/2-1/2"]
[WhiteElo "1846"]
[BlackElo "1651"]
[PlyCount "101"]
[GameId "2160767909573468"]
[EventDate "2011.11.25"]
[EventType "tourn"]
[EventRounds "5"]
[EventCountry "CAN"]
[SourceTitle "EXT 2022"]
[Source "ChessBase"]
[SourceDate "2021.10.06"]
[SourceVersion "1"]
[SourceVersionDate "2021.10.06"]
[SourceQuality "1"]

1. e4 c5 2. d4 cxd4 3. c3 d3 4. c4 d6 5. Nc3 Nc6 6. Bxd3 g6 7. Be3 Bg7 8. Nge2 Nf6 9. f3 Ne5 10. Bb1 O-O 11. b3 Nfd7 12. Qd2 Nc5 13. Bc2 Qa5 14. a3 Ned3+ 15. Kf1 b5 16. Rb1 b4 17. axb4 Nxb4 18. Nd5 Nxd5 19. exd5 Qxd2 20. Bxd2 a5 21. Bc3 Bf5 22. Bxf5 gxf5 23. Bxg7 Kxg7 24. Nd4 Kf6 25. Ke2 Rab8 26. Kd2 Rb6 27. Kc3 Rfb8 28. Nb5 e6 29. dxe6 fxe6 30. Kc2 d5 31. Nc3 dxc4 32. bxc4 Rxb1 33. Rxb1 Rxb1 34. Nxb1 Ke5 35. Kc3 h5 36. g3 f4 37. Nd2 Na4+ 38. Kc2 fxg3 39. hxg3 Kd4 40. g4 hxg4 41. fxg4 Nc5 42. Nb3+ Kxc4 43. Nxa5+ Kb5 44. Nb3 Nxb3 45. Kxb3 Kc6 46. Kc4 e5 47. Kd3 Kd5 48. Ke3 Ke6 49. Ke4 Kf6 50. g5+ Kxg5 51. Kxe5 1/2-1/2

[Event "Varennes"]
[Site "Varennes CAN"]
[Date "2011.11.04"]
[Round "1"]
[White "Forget, Luc"]
[Black "Carter, David"]
[Result "1-0"]
[WhiteElo "1949"]
[BlackElo "2222"]
[PlyCount "93"]
[GameId "2160767909573708"]
[EventDate "2011.11.04"]
[EventType "swiss"]
[EventRounds "5"]
[EventCountry "CAN"]
[SourceTitle "hb 2011"]

1. d4 d5 2. c4 e6 3. Nc3 Nf6 4. cxd5 exd5 5. Bf4 Bd6 6. Bg3 c6 7. e3 O-O 8. Nf3 Re8 9. Be2 Bxg3 10. hxg3 Nbd7 11. Qc2 Nf8 12. Ne5 Be6 13. g4 N6d7 14. Nd3 f6 15. Nf4 Bf7 16. Bd3 g6 17. O-O-O Kg7 18. Rh3 Rc8 19. Rdh1 c5 20. Rxh7+ Nxh7 21. Bxg6 Nhf8 22. Bxf7 Kxf7 23. Qf5 Ne5 24. Qh5+ Neg6 25. Nxg6 Nxg6 26. Qh7+ Ke6 27. Qxg6 cxd4 28. exd4 Rc6 29. Qf5+ Kd6 30. Rh7 Re7 31. Qxf6+ Kd7 32. Qxe7+ Qxe7 33. Rxe7+ Kxe7 34. Kd2 Ke6 35. f4 a6 36. f5+ Kd6 37. g5 Rc8 38. Ke3 b5 39. g6 b4 40. Ne2 Re8+ 41. Kf3 Ke7 42. Ng3 Kf6 43. Kg4 Re1 44. Nh5+ Ke7 45. Kg5 Re4 46. f6+ Kf8 47. Nf4 1-0

[Event "Varennes"]
[Site "Varennes CAN"]
[Date "2011.11.04"]
[Round "1"]
[White "Libersan, Thierry"]
[Black "Cote-Lalumiere, Tristan"]
[Result "1-0"]
[WhiteElo "2111"]
[BlackElo "1918"]
[PlyCount "63"]
[GameId "2160767909573709"]
[EventDate "2011.11.04"]
[EventType "swiss"]
[EventRounds "5"]
[EventCountry "CAN"]
[SourceTitle "hb 2011"]

1. e4 c5 2. Nf3 d6 3. d4 cxd4 4. Qxd4 Nc6 5. Bb5 Bd7 6. Bxc6 Bxc6 7. Nc3 e6 8. Bg5 Qc7 9. O-O-O h6 10. Bh4 a6 11. Rhe1 b5 12. Kb1 a5 13. Qd3 Rb8 14. Nd4 Qb6 15. f4 b4 16. Nd5 Qb7 17. f5 e5 18. Nxc6 Qxc6 19. f6 g5 20. Bf2 h5 21. Qe3 Rc8 22. Rc1 g4 23. Qa7 Rh6 24. Bh4 Rg6 25. c3 Bh6 26. Ne7 Qc7 27. Nxc8 Qxa7 28. Nxa7 Bxc1 29. Rxc1 Nxf6 30. cxb4 axb4 31. Rc4 d5 32. exd5 1-0

[Event "Varennes"]
[Site "Varennes CAN"]
[Date "2011.11.04"]
[Round "1"]
[White "Poulin, Mathieu"]
[Black "Lalumiere, Claude"]
[Result "1-0"]
[WhiteElo "2022"]
[BlackElo "1769"]
[PlyCount "67"]
[GameId "2160767909573710"]
[EventDate "2011.11.04"]
[EventType "swiss"]
[EventRounds "5"]
[EventCountry "CAN"]
[SourceTitle "hb 2011"]

1. d4 Nf6 2. c4 c5 3. Nf3 g6 4. Nc3 cxd4 5. Nxd4 Nc6 6. e4 d6 7. Be2 Bg7 8. Be3 O-O 9. f3 Qb6 10. Qd2 Nxe4 11. Nxc6 Nxd2 12. Nxe7+ Kh8 13. Bxb6 Nxc4 14. Bxc4 Re8 15. O-O Rxe7 16. Bf2 Be6 17. Rfe1 b6 18. Rad1 Be5 19. Bxe6 Rxe6 20. Bg3 Rae8 21. Bxe5+ dxe5 22. Rd7 R8e7 23. Rxe7 Rxe7 24. f4 f6 25. Kf2 Kg7 26. Kf3 Kf7 27. fxe5 fxe5 28. Nd5 Re6 29. Ke4 Kg7 30. Rc1 a5 31. Rc7+ Kh6 32. Rb7 Rc6 33. Rxb6 Rc2 34. Ne3 1-0

[Event "Varennes"]
[Site "Varennes CAN"]
[Date "2011.11.04"]
[Round "1"]
[White "Ramaswamy, Kiran"]
[Black "Gagnon, Serge"]
[Result "1/2-1/2"]
[WhiteElo "1921"]
[BlackElo "2113"]
[PlyCount "84"]
[GameId "2160767909573711"]
[EventDate "2011.11.04"]
[EventType "swiss"]
[EventRounds "5"]
[EventCountry "CAN"]
[SourceTitle "hb 2011"]

1. c4 d6 2. g3 e5 3. Bg2 Nc6 4. e4 f5 5. Ne2 fxe4 6. Nbc3 Nf6 7. Nxe4 Bg4 8. O-O Qd7 9. N4c3 Be7 10. Qb3 Rb8 11. d3 O-O 12. f4 Kh8 13. Be3 Bf5 14. d4 Ng4 15. Nd5 exf4 16. Nexf4 Nxe3 17. Qxe3 Bg5 18. Rad1 Rbe8 19. Ng6+ Bxg6 20. Rxf8+ Rxf8 21. Qxg5 Bc2 22. Re1 h6 23. Qe3 Rf7 24. Bh3 Bf5 25. Bxf5 Qxf5 26. Nf4 Re7 27. Ne6 Nxd4 28. Qxd4 Rxe6 29. Rxe6 Qxe6 30. Qxa7 Qe1+ 31. Kg2 Qe2+ 32. Kg1 Qxc4 33. Qxb7 Qxa2 34. Qc8+ Kh7 35. Qf5+ g6 36. Qd7+ Kg8 37. Qd8+ Kf7 38. Qxc7+ Ke6 39. Qc8+ Ke5 40. Qc3+ Ke4 41. Qb4+ Kd5 42. Qb7+ Ke6 1/2-1/2

[Event "Varennes"]
[Site "Varennes CAN"]
[Date "2011.11.04"]
[Round "1"]
[White "Trottier, Emile"]
[Black "Le Duin, Thierry"]
[Result "1-0"]
[WhiteElo "2160"]
[BlackElo "1944"]
[PlyCount "41"]
[GameId "2160767909573712"]
[EventDate "2011.11.04"]
[EventType "swiss"]
[EventRounds "5"]
[EventCountry "CAN"]
[SourceTitle "hb 2011"]

1. e4 d5 2. exd5 Nf6 3. Nc3 Nxd5 4. Nxd5 Qxd5 5. Nf3 Bg4 6. Be2 Nc6 7. O-O O-O-O 8. Re1 e6 9. c3 Bd6 10. d4 Qh5 11. h3 Bxh3 12. Ng5 Bg4 13. Bxg4 Qh2+ 14. Kf1 Be7 15. Nf3 Qd6 16. Ne5 f5 17. Nxc6 bxc6 18. Bf3 g5 19. Qb3 Kd7 20. c4 Qh2 21. Bxc6+ 1-0

[Event "Varennes"]
[Site "Varennes CAN"]
[Date "2011.11.05"]
[Round "2"]
[White "Carter, David"]
[Black "Le Duin, Thierry"]
[Result "1/2-1/2"]
[WhiteElo "2222"]
[BlackElo "1944"]
[PlyCount "90"]
[GameId "2160767909573713"]
[EventDate "2011.11.04"]
[EventType "swiss"]
[EventRounds "5"]
[EventCountry "CAN"]
[SourceTitle "hb 2011"]

1. c4 Nf6 2. Nf3 Nc6 3. Nc3 e5 4. g3 d5 5. cxd5 Nxd5 6. Bg2 Be6 7. O-O Be7 8. d4 Nxc3 9. bxc3 exd4 10. Nxd4 Nxd4 11. cxd4 c6 12. Rb1 Qd7 13. Qa4 O-O 14. Rd1 Rfd8 15. e4 b5 16. Qa5 Bc4 17. Be3 Bd6 18. d5 cxd5 19. exd5 Bc7 20. Qd2 Bd6 21. h3 Rdc8 22. Kh2 a5 23. Bf3 Re8 24. Rbc1 a4 25. Qb2 Qf5 26. Bg4 Qe4 27. Rd4 Qg6 28. Qd2 f5 29. Bf3 Re7 30. Bf4 Rae8 31. Rdxc4 bxc4 32. Rxc4 Bxf4 33. Qxf4 Qb6 34. Qd4 Qxd4 35. Rxd4 Ra7 36. Bd1 a3 37. Kg2 Kf7 38. Rb4 Kf6 39. Rb6+ Ke5 40. Bb3 Ree7 41. f4+ Kd4 42. Rb4+ Kc5 43. Rb8 Reb7 44. Rc8+ Kd4 45. d6 Rb6 1/2-1/2

[Event "Varennes"]
[Site "Varennes CAN"]
[Date "2011.11.05"]
[Round "2"]
[White "Forget, Luc"]
[Black "Trottier, Emile"]
[Result "0-1"]
[WhiteElo "1949"]
[BlackElo "2160"]
[PlyCount "88"]
[GameId "2160767909573714"]
[EventDate "2011.11.04"]
[EventType "swiss"]
[EventRounds "5"]
[EventCountry "CAN"]
[SourceTitle "hb 2011"]

1. d4 e6 2. c4 f5 3. Nc3 Nf6 4. Nf3 d5 5. Bf4 c6 6. e3 Be7 7. Qc2 O-O 8. Bd3 h6 9. Bxb8 Rxb8 10. c5 Bd7 11. O-O Be8 12. b4 g5 13. a4 Nd7 14. b5 Bh5 15. Nd2 Bf6 16. Rab1 Kg7 17. Na2 f4 18. Nb4 Rc8 19. a5 Qxa5 20. Ra1 Qc7 21. Rxa7 Ra8 22. Rfa1 Rxa7 23. Rxa7 fxe3 24. fxe3 Bxd4 25. exd4 Qf4 26. Nf3 Bxf3 27. gxf3 Qxd4+ 28. Kg2 Qxb4 29. Rxb7 Rf7 30. bxc6 Qf4 31. Qf2 Ne5 32. Rxf7+ Kxf7 33. c7 Nxd3 34. c8=Q Nxf2 35. Kxf2 Qxh2+ 36. Kf1 Qf4 37. Qd7+ Kf6 38. c6 Qxf3+ 39. Ke1 Qe3+ 40. Kd1 Qd3+ 41. Kc1 Qa3+ 42. Kc2 Qe7 43. Qb7 Qc5+ 44. Kb2 Qd4+ 0-1

[Event "Varennes"]
[Site "Varennes CAN"]
[Date "2011.11.05"]
[Round "2"]
[White "Gagnon, Serge"]
[Black "Girouard, Michel"]
[Result "1-0"]
[WhiteElo "2113"]
[BlackElo "1853"]
[PlyCount "45"]
[GameId "2160767909573715"]
[EventDate "2011.11.04"]
[EventType "swiss"]
[EventRounds "5"]
[EventCountry "CAN"]
[SourceTitle "hb 2011"]

1. d4 f5 2. c4 Nf6 3. Nc3 g6 4. Nh3 Bg7 5. Nf4 O-O 6. h4 d6 7. d5 Re8 8. h5 e5 9. dxe6 Bxe6 10. hxg6 hxg6 11. Nxg6 Bxc4 12. Bg5 Kf7 13. Nf4 Nc6 14. e3 Be6 15. Nxe6 Kxe6 16. Bc4+ Ke7 17. Nd5+ Kf8 18. Nf4 d5 19. Bxd5 Nxd5 20. Bxd8 Nxf4 21. Bxc7 Ne6 22. Bd6+ Kg8 23. Qd5 1-0

[Event "Varennes"]
[Site "Varennes CAN"]
[Date "2011.11.05"]
[Round "2"]
[White "Papineau (Granby), Daniel"]
[Black "Cote-Lalumiere, Tristan"]
[Result "1-0"]
[WhiteElo "2078"]
[BlackElo "1918"]
[PlyCount "77"]
[GameId "2160767909573718"]
[EventDate "2011.11.04"]
[EventType "swiss"]
[EventRounds "5"]
[EventCountry "CAN"]
[SourceTitle "hb 2011"]

1. e4 c5 2. Nc3 d6 3. g3 g6 4. Bg2 Bg7 5. d3 Nc6 6. Be3 e5 7. Qd2 Nge7 8. f4 O-O 9. Nf3 f5 10. fxe5 fxe4 11. dxe4 Nxe5 12. Nxe5 Bxe5 13. O-O-O Qb6 14. Bh6 Rf7 15. Rdf1 Be6 16. Rxf7 Bxf7 17. Rf1 Bc4 18. Rf3 Qd8 19. Bh3 Bg7 20. Bxg7 Kxg7 21. Nd1 Nc6 22. Ne3 Nd4 23. Rf2 Bxa2 24. Ng4 Be6 25. Qh6+ Kh8 26. c3 Bxg4 27. Bxg4 Nc6 28. Rf7 Qg8 29. Qf4 Qd8 30. Qh6 Qg8 31. Be6 Nd8 32. Rf8 Nxe6 33. Rxg8+ Kxg8 34. Qd2 Rd8 35. Qd5 Re8 36. Qxb7 a5 37. Qd7 Ng7 38. Qxd6 Rxe4 39. Qxc5 1-0

[Event "Varennes"]
[Site "Varennes CAN"]
[Date "2011.11.05"]
[Round "2"]
[White "Turcotte, Jonathan"]
[Black "Lalumiere, Claude"]
[Result "0-1"]
[WhiteElo "1969"]
[BlackElo "1769"]
[PlyCount "90"]
[GameId "2160767909573719"]
[EventDate "2011.11.04"]
[EventType "swiss"]
[EventRounds "5"]
[EventCountry "CAN"]
[SourceTitle "hb 2011"]

1. d4 Nf6 2. c4 c5 3. d5 b5 4. cxb5 a6 5. b6 d6 6. Nc3 g6 7. e4 Bg7 8. Nf3 Nbd7 9. Be2 Qxb6 10. O-O O-O 11. a4 Rb8 12. Nd2 Qc7 13. Nc4 Nb6 14. Na3 Nfd7 15. Bg5 Re8 16. Qc2 h6 17. Bh4 Nf8 18. f4 Nbd7 19. Nc4 Nb6 20. Ne3 Nh7 21. Bf2 Nd7 22. a5 Rb4 23. Nc4 Nhf6 24. Kh1 Kh7 25. Rfe1 Rh8 26. Bf1 Ng4 27. Bg1 Kg8 28. h3 h5 29. g3 Nh6 30. Rad1 Qb8 31. Bf2 Qc7 32. e5 dxe5 33. d6 Bb7+ 34. Nd5 exd6 35. Bg2 Bxd5 36. Bxd5 Nf5 37. fxe5 Nxe5 38. Nxd6 Nxd6 39. Qxc5 Qb8 40. Bg2 Ndc4 41. Bd4 Rb5 42. Qe7 Kh7 43. Be4 Re8 44. Qg5 Kg8 45. g4 Nf3 0-1

[Event "Varennes"]
[Site "Varennes CAN"]
[Date "2011.11.05"]
[Round "3"]
[White "Cote-Lalumiere, Tristan"]
[Black "Carter, David"]
[Result "1/2-1/2"]
[WhiteElo "1918"]
[BlackElo "2222"]
[PlyCount "91"]
[GameId "2160767909573721"]
[EventDate "2011.11.04"]
[EventType "swiss"]
[EventRounds "5"]
[EventCountry "CAN"]
[SourceTitle "EXT 2022"]
[Source "ChessBase"]
[SourceDate "2021.10.06"]
[SourceVersion "1"]
[SourceVersionDate "2021.10.06"]
[SourceQuality "1"]

1. e4 e6 2. d4 d5 3. exd5 exd5 4. Bd3 c5 5. c3 Nc6 6. Nf3 Bd6 7. O-O Nge7 8. Nbd2 cxd4 9. Nxd4 Nxd4 10. cxd4 Qb6 11. Nb3 O-O 12. Qf3 a5 13. Bf4 a4 14. Nc5 Ng6 15. Bxg6 hxg6 16. Bxd6 Qxd6 17. Rfe1 b6 18. Nd3 a3 19. b3 Bf5 20. Re3 Rac8 21. h4 Rc2 22. h5 Bxd3 23. Rxd3 gxh5 24. Qxh5 Rfc8 25. g3 Qf6 26. Rf3 Qe6 27. Kg2 g6 28. Qh6 Qe4 29. Qe3 Qxe3 30. Rxe3 Rd2 31. Rf3 Rcc2 32. Re1 Re2 33. Rxe2 Rxe2 34. Rf6 Rxa2 35. Rxb6 Rb2 36. b4 a2 37. Ra6 Rxb4 38. Rxa2 Rxd4 39. Kf3 Kg7 40. Ra6 Re4 41. Ra5 Re5 42. Kg2 Kf6 43. f4 Rf5 44. Kf3 Ke6 45. Ra6+ Ke7 46. Ra7+ 1/2-1/2

[Event "Varennes"]
[Site "Varennes CAN"]
[Date "2011.11.05"]
[Round "3"]
[White "Girouard, Michel"]
[Black "Lopez Linares, Lizandro"]
[Result "1-0"]
[WhiteElo "1853"]
[BlackElo "2085"]
[PlyCount "78"]
[GameId "2160767909573722"]
[EventDate "2011.11.04"]
[EventType "swiss"]
[EventRounds "5"]
[EventCountry "CAN"]
[SourceTitle "EXT 2022"]
[Source "ChessBase"]
[SourceDate "2021.10.06"]
[SourceVersion "1"]
[SourceVersionDate "2021.10.06"]
[SourceQuality "1"]

1. Nf3 Nf6 2. c4 e6 3. g3 d5 4. b3 Be7 5. Bg2 O-O 6. O-O Nbd7 7. Bb2 c6 8. d3 b6 9. Nbd2 Bb7 10. Rc1 Re8 11. Rc2 a5 12. a3 Bf8 13. Qa1 Qe7 14. cxd5 exd5 15. Re1 c5 16. e3 a4 17. Bxf6 Nxf6 18. bxa4 Rxa4 19. Rb1 Rea8 20. Rc3 R8a6 21. Rbb3 g6 22. Qb1 Nd7 23. Bh3 f5 24. Qc1 Bg7 25. Rc2 Bh6 26. Bf1 d4 27. e4 Kg7 28. Qb2 fxe4 29. dxe4 Ra8 30. Bb5 Kg8 31. Bxd7 Qxd7 32. Rxb6 Bc8 33. Rxc5 Rxa3 34. Rd5 Ra1+ 35. Nb1 Qg4 36. Rd8+ Bf8 37. Rf6 Qxe4 38. Rdxf8+ Kg7 39. R6f7+ Kh6 1-0

[Event "Varennes"]
[Site "Varennes CAN"]
[Date "2011.11.05"]
[Round "3"]
[White "Libersan, Thierry"]
[Black "Forget, Luc"]
[Result "1-0"]
[WhiteElo "2111"]
[BlackElo "1949"]
[PlyCount "83"]
[GameId "2160767909573724"]
[EventDate "2011.11.04"]
[EventType "swiss"]
[EventRounds "5"]
[EventCountry "CAN"]
[SourceTitle "EXT 2022"]
[Source "ChessBase"]
[SourceDate "2021.10.06"]
[SourceVersion "1"]
[SourceVersionDate "2021.10.06"]
[SourceQuality "1"]

1. e4 e5 2. Nf3 Nc6 3. Bb5 a6 4. Ba4 Nf6 5. d3 b5 6. Bb3 Be7 7. Nbd2 O-O 8. O-O d6 9. c3 Na5 10. Bc2 c5 11. h3 Nc6 12. Re1 Re8 13. a4 Rb8 14. Nf1 h6 15. axb5 axb5 16. Ng3 Bf8 17. d4 g6 18. d5 Ne7 19. b4 c4 20. Be3 Bg7 21. Nh2 Rf8 22. Qd2 Kh7 23. f4 Nfg8 24. Nf3 f6 25. Kh2 Kh8 26. Ra7 Bb7 27. Rea1 exf4 28. Bxf4 g5 29. Be3 Ng6 30. Nd4 Qd7 31. Ngf5 N8e7 32. Nxg7 Kxg7 33. Ne6+ Kg8 34. Nxf8 Kxf8 35. Rf1 Kg7 36. Qf2 Rf8 37. g3 Ne5 38. Bd4 N7g6 39. Bd1 Rf7 40. Bh5 Qd8 41. Bxe5 dxe5 42. Qf5 1-0

[Event "Varennes"]
[Site "Varennes CAN"]
[Date "2011.11.05"]
[Round "3"]
[White "Trottier, Emile"]
[Black "Poulin, Mathieu"]
[Result "1-0"]
[WhiteElo "2160"]
[BlackElo "2022"]
[PlyCount "103"]
[GameId "2160767909573726"]
[EventDate "2011.11.04"]
[EventType "swiss"]
[EventRounds "5"]
[EventCountry "CAN"]
[SourceTitle "EXT 2022"]
[Source "ChessBase"]
[SourceDate "2021.10.06"]
[SourceVersion "1"]
[SourceVersionDate "2021.10.06"]
[SourceQuality "1"]

1. e4 c6 2. d4 d5 3. exd5 cxd5 4. c4 Nf6 5. Nc3 e6 6. Nf3 Nc6 7. Bd3 Nb4 8. Bb1 dxc4 9. O-O Be7 10. Bg5 Nfd5 11. Bxe7 Qxe7 12. Ne5 O-O 13. Nxd5 exd5 14. Re1 Qd6 15. a4 Nc6 16. Ra3 g6 17. f4 Ne7 18. Rg3 Bf5 19. Bxf5 Nxf5 20. Rh3 f6 21. Nxg6 hxg6 22. Qg4 Kf7 23. Rh7+ Ng7 24. f5 Kg8 25. Qxg6 Qd7 26. g4 Rae8 27. Rxe8 Rxe8 28. Rxg7+ Qxg7 29. Qxe8+ Kh7 30. Qh5+ Kg8 31. Kf2 Qe7 32. Qg6+ Kf8 33. Qh6+ Kg8 34. Qe3 Qd7 35. h4 Qxa4 36. Qe6+ Kg7 37. Qe7+ Kg8 38. Qxf6 Qc2+ 39. Kg3 Qxb2 40. Qe6+ Kf8 41. Qd6+ Ke8 42. Qe5+ Kf8 43. f6 Qa3+ 44. Kf4 c3 45. Kf5 c2 46. Qb8+ Kf7 47. Qxb7+ Ke8 48. Qc8+ Kf7 49. Qd7+ Kf8 50. Qg7+ Ke8 51. f7+ Ke7 52. f8=Q# 1-0

[Event "Varennes"]
[Site "Varennes CAN"]
[Date "2011.11.06"]
[Round "4"]
[White "Forget, Luc"]
[Black "Papineau (Granby), Daniel"]
[Result "1/2-1/2"]
[WhiteElo "1949"]
[BlackElo "2078"]
[PlyCount "75"]
[GameId "2160767909573727"]
[EventDate "2011.11.04"]
[EventType "swiss"]
[EventRounds "5"]
[EventCountry "CAN"]

1. d4 d5 2. c4 Bf5 3. Nc3 e6 4. Nf3 Nc6 5. Bf4 Nf6 6. h3 dxc4 7. Qa4 Nd5 8. Bg3 Nb6 9. Qd1 Bb4 10. Rc1 Qd7 11. a3 Bd6 12. Bxd6 cxd6 13. e4 Bg6 14. d5 Na5 15. b4 Nb3 16. Bxc4 Nxc4 17. Qxb3 Rc8 18. O-O O-O 19. Rcd1 e5 20. Nd2 b5 21. Rfe1 f5 22. exf5 Qxf5 23. Nde4 Qf4 24. Rd3 Qh4 25. Qa2 a6 26. Rg3 Rf5 27. Rg4 Qe7 28. Ng3 Rg5 29. Rxg5 Qxg5 30. Nce4 Qf4 31. a4 h5 32. f3 h4 33. Nf1 Be8 34. a5 Bf7 35. Rd1 Bg6 36. Re1 Bf7 37. Rd1 Bg6 38. Re1 1/2-1/2

[Event "Varennes"]
[Site "Varennes CAN"]
[Date "2011.11.06"]
[Round "4"]
[White "Lalumiere, Claude"]
[Black "Le Duin, Thierry"]
[Result "0-1"]
[WhiteElo "1769"]
[BlackElo "1944"]
[PlyCount "44"]
[GameId "2160767909573729"]
[EventDate "2011.11.04"]
[EventType "swiss"]
[EventRounds "5"]
[EventCountry "CAN"]
[SourceTitle "EXT 2022"]
[Source "ChessBase"]
[SourceDate "2021.10.06"]
[SourceVersion "1"]
[SourceVersionDate "2021.10.06"]
[SourceQuality "1"]

1. e4 d5 2. exd5 Nf6 3. d4 Bg4 4. f3 Bf5 5. c3 Qxd5 6. Ne2 Nc6 7. Nf4 Qd7 8. Bb5 O-O-O 9. Qa4 a6 10. Bxa6 bxa6 11. Qxa6+ Kb8 12. Qb5+ Ka8 13. Qa6+ Na7 14. a4 e5 15. Ne2 Qc6 16. Qxc6+ Nxc6 17. Be3 Nd5 18. Bf2 exd4 19. Nxd4 Nxd4 20. Bxd4 Nf4 21. b3 c5 22. Bf2 Nxg2+ 0-1

[Event "Varennes"]
[Site "Varennes CAN"]
[Date "2011.11.06"]
[Round "4"]
[White "Poulin, Mathieu"]
[Black "Girouard, Michel"]
[Result "1-0"]
[WhiteElo "2022"]
[BlackElo "1853"]
[PlyCount "63"]
[GameId "2160767909573730"]
[EventDate "2011.11.04"]
[EventType "swiss"]
[EventRounds "5"]
[EventCountry "CAN"]
[SourceTitle "EXT 2022"]
[Source "ChessBase"]
[SourceDate "2021.10.06"]
[SourceVersion "1"]
[SourceVersionDate "2021.10.06"]
[SourceQuality "1"]

1. d4 f5 2. c4 g6 3. Nc3 Nf6 4. Nf3 Bg7 5. g3 O-O 6. Bg2 d6 7. O-O Nc6 8. d5 Na5 9. Qd3 e5 10. dxe6 Bxe6 11. b3 Nc6 12. Bb2 Ng4 13. Qd2 h6 14. e4 f4 15. gxf4 Qe7 16. Rfe1 Qf7 17. Ne2 Rae8 18. Bxg7 Kxg7 19. Nfd4 Nd8 20. h3 Nf6 21. Ng3 Nh5 22. Nxh5+ gxh5 23. f5 Bd7 24. Re3 Kh7 25. Kh2 Qf6 26. Rae1 Nf7 27. f4 Re7 28. Rg3 Rg8 29. Rxg8 Kxg8 30. Bf3 c5 31. Rg1+ Kh7 32. Qg2 1-0